<?xml version="1.0" encoding="UTF-8"?><record xmlns="http://www.loc.gov/MARC21/slim" xmlns:zs="http://docs.oasis-open.org/ns/search-ws/sruResponse">
  <leader>01877ckm a22004337a 4500</leader>
  <controlfield tag="001">19594026</controlfield>
  <controlfield tag="005">20250607074838.9</controlfield>
  <controlfield tag="007">kj|co|</controlfield>
  <controlfield tag="007">cr |||||||||||</controlfield>
  <controlfield tag="008">170412s1971    cu nnn        |   knmul  </controlfield>
  <datafield ind1=" " ind2=" " tag="035">
    <subfield code="a">19594026</subfield>
  </datafield>
  <datafield ind1=" " ind2=" " tag="906">
    <subfield code="a">0</subfield>
    <subfield code="b">ibc</subfield>
    <subfield code="c">orignew</subfield>
    <subfield code="d">u</subfield>
    <subfield code="e">ncip</subfield>
    <subfield code="f">20</subfield>
    <subfield code="g">y-printpho</subfield>
  </datafield>
  <datafield ind1=" " ind2=" " tag="955">
    <subfield code="a">qw65 2017-04; qw30 2017-06r</subfield>
  </datafield>
  <datafield ind1=" " ind2=" " tag="010">
    <subfield code="a">  2017649187</subfield>
  </datafield>
  <datafield ind1=" " ind2=" " tag="040">
    <subfield code="a">DLC</subfield>
    <subfield code="b">eng</subfield>
    <subfield code="e">dcrmg</subfield>
    <subfield code="c">DLC</subfield>
  </datafield>
  <datafield ind1="0" ind2="0" tag="050">
    <subfield code="a">POS 6 - Cuba,</subfield>
    <subfield code="b">no. 11</subfield>
  </datafield>
  <datafield ind1="1" ind2=" " tag="100">
    <subfield code="a">Morante,</subfield>
    <subfield code="e">artist.</subfield>
  </datafield>
  <datafield ind1="1" ind2="0" tag="245">
    <subfield code="a">Free all political prisoners : solidaridad con el pueblo afro americano, 18 de agosto</subfield>
    <subfield code="h">[graphic] = solidarite avec le peuple African americain, le 18 aout = solidarity with the African American people, August 18 ...</subfield>
  </datafield>
  <datafield ind1=" " ind2=" " tag="260">
    <subfield code="c">1971.</subfield>
  </datafield>
  <datafield ind1=" " ind2=" " tag="300">
    <subfield code="a">1 print ;</subfield>
    <subfield code="c">(poster format)</subfield>
  </datafield>
  <datafield ind1=" " ind2=" " tag="336">
    <subfield code="a">still image</subfield>
    <subfield code="b">sti</subfield>
    <subfield code="2">rdacontent</subfield>
  </datafield>
  <datafield ind1=" " ind2=" " tag="337">
    <subfield code="a">unmediated</subfield>
    <subfield code="b">n</subfield>
    <subfield code="2">rdamedia</subfield>
  </datafield>
  <datafield ind1=" " ind2=" " tag="338">
    <subfield code="a">sheet</subfield>
    <subfield code="b">nb</subfield>
    <subfield code="2">rdacarrier</subfield>
  </datafield>
  <datafield ind1=" " ind2=" " tag="500">
    <subfield code="a">Title from item.</subfield>
  </datafield>
  <datafield ind1=" " ind2=" " tag="500">
    <subfield code="a">Title also in Arabic.</subfield>
  </datafield>
  <datafield ind1=" " ind2=" " tag="540">
    <subfield code="a">Publication may be restricted. For information see "Yanker poster collection"</subfield>
    <subfield code="u">(http://lcweb.loc.gov/rr/print/res/250_yank.html).</subfield>
  </datafield>
  <datafield ind1=" " ind2=" " tag="541">
    <subfield code="c">Gift:</subfield>
    <subfield code="a">Gary Yanker;</subfield>
    <subfield code="d">1975-1983.</subfield>
  </datafield>
  <datafield ind1=" " ind2="7" tag="650">
    <subfield code="a">Political prisoners</subfield>
    <subfield code="y">1970 -1980.</subfield>
    <subfield code="2">lctgm</subfield>
  </datafield>
  <datafield ind1=" " ind2="7" tag="650">
    <subfield code="a">Solidarity</subfield>
    <subfield code="y">1970 -1980.</subfield>
    <subfield code="2">lctgm</subfield>
  </datafield>
  <datafield ind1=" " ind2="7" tag="650">
    <subfield code="a">Fists</subfield>
    <subfield code="y">1970 -1980.</subfield>
    <subfield code="2">lctgm</subfield>
  </datafield>
  <datafield ind1=" " ind2="0" tag="650">
    <subfield code="a">African Americans</subfield>
    <subfield code="y">1970 -1980.</subfield>
    <subfield code="2">lctgm</subfield>
  </datafield>
  <datafield ind1=" " ind2="7" tag="655">
    <subfield code="a">Posters</subfield>
    <subfield code="x">Cuban</subfield>
    <subfield code="y">1970 -1980.</subfield>
    <subfield code="2">gmgpc</subfield>
  </datafield>
  <datafield ind1=" " ind2="7" tag="655">
    <subfield code="a">Prints</subfield>
    <subfield code="x">Color</subfield>
    <subfield code="y">1970 -1980.</subfield>
    <subfield code="2">gmgpc</subfield>
  </datafield>
  <datafield ind1="2" ind2=" " tag="710">
    <subfield code="a">OSPAAAL (Organization),</subfield>
    <subfield code="e">sponsor/advertiser.</subfield>
  </datafield>
  <datafield ind1="0" ind2=" " tag="773">
    <subfield code="t">Yanker poster collection (Library of Congress)</subfield>
    <subfield code="w">(DLC) 95861313</subfield>
  </datafield>
  <datafield ind1=" " ind2=" " tag="852">
    <subfield code="a">Library of Congress</subfield>
    <subfield code="b">Prints and Photographs Division</subfield>
    <subfield code="e">Washington, D.C. 20540 USA</subfield>
    <subfield code="n">dcu</subfield>
    <subfield code="u">http://hdl.loc.gov/loc.pnp/pp.print</subfield>
  </datafield>
  <datafield ind1="4" ind2="1" tag="856">
    <subfield code="3">digital file from intermediary roll film copy</subfield>
    <subfield code="d">yan</subfield>
    <subfield code="f">1a36036</subfield>
    <subfield code="q">p</subfield>
    <subfield code="u">http://hdl.loc.gov/loc.pnp/yan.1a36036</subfield>
  </datafield>
  <datafield ind1=" " ind2=" " tag="985">
    <subfield code="a">pp/yan</subfield>
  </datafield>
  <datafield ind1=" " ind2=" " tag="991">
    <subfield code="b">c-P&amp;P</subfield>
    <subfield code="m">(C size)</subfield>
  </datafield>
</record>
